00741nam a2200217 a 450000100060000000300090000600800410001502000150005604000280007108200140009910000260011324500420013926000280018130000110020959000620022065000290028265000340031194200120034599900170035795201490037419405CO-ViMGA141112s2004 ck r 000 u spa d a8471009056 aCO-ViMGAbspacCO-ViMGA04a515 P151i1 aPalacios, Hugo92792710aIntroducción al Cálculo actuarial aMadrid : bMapfre; 1996 a198 p. aForma de adquisición : compra 2005 - - Precio : 106.20014aCALCULO ACTUARIAL92792814aMATEMATICAS EN SEGUROS927929 2ddccBK c28552d28552 00102ddc40708003aMEVIECARbMEVIECARd2015-12-04hVolumen. 1 | 11/jun/2009l0o515 P151i p19405r2015-12-04 00:00:00tEj. 1w2015-12-04yBK